Chinese Lay's Flavour - True or False - Statistics

General Stats
  • This quiz has been taken 28 times
    22 since last reset
  • The average score is 12 of 20
Answer Stats
Question Answer % Correct
Lime True
100%
Spicy Crayfish True
82%
Cucumber True
82%
Magic Masala False
76%
Wasabi Avocado True
76%
Roasted Garlic Oyster True
76%
Kimchi True
71%
Curry And Coconut False
65%
Rose True
59%
Tom Yum True
59%
Miso Soup False
53%
Lemon Tea True
53%
Pickle False
47%
Kiwi True
47%
Stewed Beef Noodle True
47%
Popcorn False
41%
Beer True
41%
Blueberry True
41%
Sea Salt And Chocolate True
35%
Bubble Tea True
29%
No matching quizzes found
Score Distribution
Percent of People with Each Score
Percentile by Number Answered
Your Score History
You have not taken this quiz since the last reset